|
|
|
|
| LEADER |
00000nam a2200000 4500 |
| 001 |
vtls012083675 |
| 003 |
SK-MaSNL |
| 005 |
20260301150847.0 |
| 008 |
220118s2020 sz odblfrn 101 0 eng |
| 015 |
|
|
|a SNBZSA2023/08
|
| 020 |
|
|
|a 9783030412371
|q (brožované)
|
| 040 |
|
|
|a SNK
|b slo
|c SNK
|e rda
|
| 041 |
0 |
|
|a eng
|
| 044 |
|
|
|a sz
|c CH
|
| 072 |
|
7 |
|a 614.84
|x Požiare. Ochrana pred požiarmi
|2 konspekt
|
| 080 |
|
|
|a 614.84
|2 2011
|
| 080 |
|
|
|a 674.038.1
|2 2011
|
| 080 |
|
|
|a 630.81
|2 2011
|
| 080 |
|
|
|a (062.534)
|2 2011
|
| 080 |
|
|
|a 674.03
|2 2011
|
| 080 |
|
|
|a 614.841
|2 2011
|
| 111 |
2 |
|
|a Wood & Fire Safety
|n (9. :
|d 2020 :
|c Štrbské Pleso, Slovensko)
|4 aut
|9 367963
|
| 245 |
1 |
0 |
|a Wood & Fire Safety
|b proceedings of the 9th international conference on Wood & Fire Safety 2020
|c Linda Makovicka Osvaldova, Frank Markert, Samuel L. Zelinka, editors
|
| 264 |
|
1 |
|a Cham
|b Springer Nature Switzerland
|c [2020]
|
| 264 |
|
4 |
|c ©2020
|
| 300 |
|
|
|a xx, 480 strán
|b fotografie, grafy, mapy, modely
|c 24 cm
|
| 336 |
|
|
|a text
|b txt
|2 rdacontent
|
| 337 |
|
|
|a bez média
|b n
|2 rdamedia
|
| 338 |
|
|
|a zväzok
|b nc
|2 rdacarrier
|
| 504 |
|
|
|a Obsahuje bibliografie a autorský register
|
| 650 |
0 |
7 |
|a požiarna ochrana
|2 SNKPH
|9 1501
|
| 650 |
0 |
7 |
|a požiarna bezpečnosť
|2 SNKPH
|9 1503
|
| 650 |
0 |
7 |
|a vlastnosti dreva
|2 SNKPH
|9 66626
|
| 650 |
0 |
7 |
|a Fire protection
|2 SNKPHeng
|9 265684
|
| 650 |
0 |
7 |
|a Fire safety
|2 SNKPHeng
|9 276237
|
| 650 |
0 |
7 |
|a Wood properties
|2 SNKPHeng
|9 267559
|
| 650 |
0 |
7 |
|a drevo
|2 SNKPH
|9 3560
|
| 650 |
0 |
7 |
|a požiare
|2 SNKPH
|9 1504
|
| 650 |
0 |
7 |
|a Wood
|2 SNKPHeng
|9 267054
|
| 650 |
0 |
7 |
|a Fires
|2 SNKPHeng
|9 325258
|
| 655 |
|
7 |
|a zborníky konferencií
|2 SNKPH
|9 70153
|
| 655 |
|
7 |
|a Proceedings of conferences
|2 SNKPHeng
|9 265791
|
| 700 |
1 |
|
|a Makovická Osvaldová, Linda,
|d 1980-
|4 edt
|9 190597
|
| 700 |
1 |
|
|a Markert, Frank,
|d 1979-
|4 edt
|9 367964
|
| 700 |
1 |
|
|a Zelinka, Samuel L.
|4 edt
|9 367965
|
| 919 |
|
|
|a 978-3-030-41237-1
|
| 954 |
|
|
|a odborná, vedecká literatúra cudzojazyčná (svetová)
|2 lita
|
| 954 |
|
|
|a odborná, vedecká literatúra pôvodná (slovenská)
|2 lita
|
| 958 |
|
|
|a ZS
|
| 958 |
|
|
|a NB
|
| 999 |
|
|
|c 784841
|d 786771
|
| 952 |
|
|
|a SNK
|b SNK
|y PREZ
|7 0
|p 17A1471311
|o snkSC 195966
|i snk2022/845
|8 3
|g 183.15
|0 0
|1 0
|4 0
|d 2022-01-18
|l 0
|r 2025-10-15 00:00:00
|w 2026-02-24
|